000 01006nam a2200205Ia 4500
999 _c38350
_d38350
001 4360
003 GE_BSU
005 20191010124702.0
008 181216s1975||||ge |||||||||||||| ||geo||
040 _cGE_BSU
041 _ageo
080 _a821.353.32–91–3+821.353.32–91–34 ქ-27
245 _aქართული ხალხური სიტყვიერება :
_bმეგრული ტექსტები. ტ. 1 : პოეზია /
_cტექსტი გამოსაცემად მოამზადა, წინასიტყვ. და გამოკვლევა დაურთო ტ. გუდავამ.
264 _aთბ.:
_bთბილ. უნ-ტის გამ-ბა,
_c1975.
300 _a467 გვ.;
_b22 სმ.
653 _aპოეზია.
653 _aქართული ხალხური სიტყვიერება.
700 _aგუდავა, ტ.
_eრედაქტორი
_94674
942 _cBK
_2udc